The noble hadith in the early days of Islam : A critical study of a Western approach

Bibliographic Details
Main Author: Fathiddin Beyanouni
Corporate Author: Title
Format: Book
Published: Kuala Lumpur : IIUM , 2005
Subjects:

MARC

LEADER 00000cam a2200000 7i4500
001 0000012676
005 20071228.0
008 071228
020 |a 9832957141 
090 0 0 |a 153.42   |b FAT 
100 0 |a Fathiddin Beyanouni 
245 1 4 |a The noble hadith in the early days of Islam :   |b A critical study of a Western approach   |c Fathiddin Beyanouni 
260 |a Kuala Lumpur :   |b IIUM ,   |c 2005 
650 0 |a Hadith   |x Criticism, interpretation, etc 
650 0 |a Hadith   |x History 
650 0 |a Islamic stories, English 
710 0 |a Title 
999 |a 0001009969   |b Book   |c Adult Collection   |e Perbadanan Perpustakaan Awam Johor